000 00800nam a2200241 i 4500
003 DO-SdBNP
005 20230628090645.0
007 ta
008 230626b1997 dr ||||| |||| 00| 0 spa d
040 _aDO-SdBNP
_bspa
_cBNPHU
_erda
082 4 _bR426m
_222
110 _aRepública Dominicana.
_bSecretariado Técnico de la Presidencia. Oficina Nacional de Administración y Personal
_983622
245 1 0 _aManual de códigos geográficos :
_bmunicipios y distritos municipales...
264 1 _aSanto Domingo :
_bONAP,
_c1997.
300 _a41 páginas ;
_c23 cm.
336 _2rdacontent
_atexto
_btxt
337 _2rdamedia
_asin mediación
_bn
338 _2rdacarrier
_avolunem
_bnc
500 _aCenso de servidores públicos
590 _aInventariado, 2023/DG
910 _aDG
942 _2ddc
_cLF2
999 _c53987
_d53987